=LDR 00000nam 2200000 4500 =001 INLIS000000000029700 =005 20130612131919 =008 ***********************************Ind** =035 ##$$0010-061300000029700 =041 ##$$a Ind =082 ##$$a 745.5 =090 ##$$a 745.5, Nur k =100 ##$$a Nurwarjani, Eluira Novianti Nurwajani =245 ##$$a Kreasi cantik dari subur kertas, Eluira Novianti Nurwarjani =260 ##$$a 2006 $b Jakarta =300 ##$$a xi, 52 hlm, ilus, 23 cm =650 ##$$a Keterampilan Tangan =850 ##$$a NBPNMAT